| 000 | 00516nam a2200169Ia 4500 | ||
|---|---|---|---|
| 008 | 150223s9999 xx 000 0 und d | ||
| 020 | _a9812743855 | ||
| 050 |
_aQA 3 _b.EE26 2010 |
||
| 100 | _aEe Teck Ee. | ||
| 245 |
_aO- Level: _bAdditional Mathematics Examination notes / _cEe Teck Ee. |
||
| 260 |
_aMandaluyong City: _bSAP Publications Sdn Bhd, _c2010 |
||
| 300 |
_a250 pages : _bIllustration; _c23 cm. |
||
| 650 | _aIndices. | ||
| 650 | _aIrrational roots. | ||
| 650 | _aLogarithms. | ||
| 650 | _aReal numbers. | ||
| 999 |
_c283269 _d283269 |
||